Catalog

Record Details

Catalog Search



Třídní analýza a sociální mobilita  Cover Image Book Book

Třídní analýza a sociální mobilita / Tomáš Katrňák

Record details

  • ISBN: 80-7325-067-5 (brož.) :
  • Physical Description: 211 s. ; 20 cm
  • Edition: 1. vyd.
  • Publisher: Brno : Centrum pro studium demokracie a kultury, 2005

Content descriptions

Bibliography, etc. Note:
Obsahuje bibliografii a bibliografické odkazy
Subject: sociální stratifikace
společenské třídy
sociální mobilita
social stratification
social classes
social mobility
Genre: studie
studies

Available copies

  • 1 of 1 copy available at Common Catalog SPOK.

Holds

  • 0 current holds with 1 total copy.
Show Only Available Copies
Location Call Number / Copy Notes Barcode Shelving Location Status Due Date
Jabok Library Soc-1.8.2 424480025213 Odborná literatura Available -

LDR 02483cam a2200709 a 4500
00116120
003CZ-PrJAB
00520200320174358.0
007ta
008051114s2005 xr f 000 0 cze
015 . ‡acnb001631131
020 . ‡a80-7325-067-5 (brož.) : ‡cKč 198,00
035 . ‡a(CONS)16120
035 . ‡a(CZ PrSKC)nkc20051631131
035 . ‡a(OCoLC)68740688
040 . ‡aBOA001 ‡bcze ‡dABA001
072 7. ‡a316.3 ‡xGlobální společnosti. Sociální struktura. Sociální skupiny ‡2Konspekt ‡918
080 . ‡a316.34 ‡2MRF
080 . ‡a316.342.2 ‡2MRF
080 . ‡a316.444 ‡2MRF
080 . ‡a(048.8) ‡2MRF
1001 . ‡aKatrňák, Tomáš, ‡d1973- ‡7ola2003206212 ‡4aut
24510. ‡aTřídní analýza a sociální mobilita / ‡cTomáš Katrňák
250 . ‡a1. vyd.
260 . ‡aBrno : ‡bCentrum pro studium demokracie a kultury, ‡c2005
300 . ‡a211 s. ; ‡c20 cm
4901 . ‡aSociologická řada ; ‡vsv. č. 2
504 . ‡aObsahuje bibliografii a bibliografické odkazy
65007. ‡asociální stratifikace ‡2czenas
65007. ‡aspolečenské třídy ‡2czenas
65007. ‡asociální mobilita ‡2czenas
65009. ‡asocial stratification ‡2eczenas
65009. ‡asocial classes ‡2eczenas
65009. ‡asocial mobility ‡2eczenas
655 7. ‡astudie ‡2czenas
655 9. ‡astudies ‡2eczenas
830 0. ‡aSociologická řada ‡0s
910 . ‡aABG312
901 . ‡a16120 ‡bCZ-PrJAB ‡c16120 ‡tbiblio

Additional Resources